| 000 | 00645nam a2200277Ia 4500 | ||
|---|---|---|---|
| 008 | 210210b2016 xxu||||| |||| 00| 0 eng d | ||
| 020 | _a9780670088720 | ||
| 041 | _aeng | ||
| 082 | _a363.96 VIRP | ||
| 100 | _aVIRANI (Pinki) | ||
| 245 | _aPolitics of the womb: the perils of Ivf surrogacy and modified babies | ||
| 260 |
_aUSA _bPenguin Books _c2016 |
||
| 300 | _ax,363 | ||
| 650 | _awomb: | ||
| 650 | _athe | ||
| 650 | _asurrogacy | ||
| 650 | _aPolitics | ||
| 650 | _aperils | ||
| 650 | _aof | ||
| 650 | _amodified | ||
| 650 | _aIvf | ||
| 650 | _ababies | ||
| 650 | _aand | ||
| 690 | _aSocial Problems | ||
| 906 | _a070882 | ||
| 999 |
_c120294 _d120294 |
||